Comentarios á la ley de enjuiciamiento civil reformada ... / (Record no. 158627)

MARC details
000 -LEADER
campo de control de longitud fija 01008nam a22002175i 4500
001 - NÚMERO DE CONTROL
campo de control 158627
003 - IDENTIFICADOR DE NÚMERO DE CONTROL
campo de control ES-MaACL
005 - FECHA Y HORA DE LA ÚLTIMA TRANSACCIÓN
campo de control 20240524063006.0
008 - DATOS DE LONGITUD FIJA--INFORMACIÓN GENERAL
campo de control de longitud fija 981109s1908 sp |||| | spa d
040 ## - FUENTE DE CATALOGACIÓN
Centro catalogador/agencia de origen CLM
Lengua de catalogación spa
Centro/agencia transcriptor CLM
100 1# - ENTRADA PRINCIPAL--NOMBRE DE PERSONA
Nombre de persona Manresa y Navarro, José María,
Fechas asociadas al nombre 1818-1905
9 (RLIN) 76090
245 10 - MENCIÓN DEL TÍTULO
Título Comentarios á la ley de enjuiciamiento civil reformada ... /
Mención de responsabilidad, etc. por José María Manresa y Navarro.
260 ## - PUBLICACIÓN, DISTRIBUCIÓN, ETC.
Lugar de publicación, distribución, etc. Madrid :
Nombre del editor, distribuidor, etc. [s.n.],
Fecha de publicación, distribución, etc. 1908 (
Fabricante Imprenta de la Revista de Legislación)
300 ## - DESCRIPCIÓN FÍSICA
Extensión 627 p. ;
Dimensiones 22 cm.
505 8# - NOTA DE CONTENIDO CON FORMATO
Nota de contenido con formato Contiene: Tomo adicional, comprende la ley de 5 de agosto de 1907, reorganizando la administración de justicia en los juzgados municipales / comentada y concordada ... por Francisco de P. Rives y Martí
610 24 - PUNTO DE ACCESO ADICIONAL DE MATERIA--NOMBRE DE ENTIDAD CORPORATIVA
Nombre de entidad corporativa o nombre de jurisdicción como elemento de entrada España.
Título de la obra Ley de enjuiciamiento civil, 1881.
9 (RLIN) 158817
650 #4 - PUNTO DE ACCESO ADICIONAL DE MATERIA--TÉRMINO DE MATERIA
Término de materia o nombre geográfico como elemento de entrada Procedimiento civil-
Subdivisión geográfica España.
9 (RLIN) 16420
700 0# - ENTRADA AGREGADA--NOMBRE PERSONAL
Nombre de persona Rives y Martí, Francisco de P.
9 (RLIN) 97722
852 ## - LOCALIZACIÓN
Ubicación ES-MaACL
Número de control de estantería G-14204
Nota libre -- Enc. pasta
Holdings
Estatus retirado Estado de pérdida Estado de daño No para préstamo Biblioteca de origen Biblioteca actual Ubicación en estantería Fecha de adquisición Fuente de adquisición Total de préstamos Signatura topográfica completa Código de barras Visto por última vez Precio de reemplazo Tipo de ítem Koha
        Biblioteca del Ateneo de Madrid Biblioteca del Ateneo de Madrid Sala Pecera Planta 3 17/01/2008     G-14204 1166033 23/02/2023 23/02/2023 Libro impreso